DENTODRITE RECENT PREVIOUS YEARS QUESTIONS FOR DENTAL P.G .ENTRANCE EXAMINATIONS (Record no. 9561)
[ view plain ]
| 000 -LEADER | |
|---|---|
| fixed length control field | 00311nam a22001217a 4500 |
| 082 ## - DEWEY DECIMAL CLASSIFICATION NUMBER | |
| Classification number | 617.6 |
| Item number | D11C |
| 100 ## - MAIN ENTRY--PERSONAL NAME | |
| Personal name | CHOUDHARY.N.K |
| 245 ## - TITLE STATEMENT | |
| Title | DENTODRITE RECENT PREVIOUS YEARS QUESTIONS FOR DENTAL P.G .ENTRANCE EXAMINATIONS |
| 250 ## - EDITION STATEMENT | |
| Edition statement | 2ND |
| 260 ## - PUBLICATION, DISTRIBUTION, ETC. (IMPRINT) | |
| Place of publication, distribution, etc | DELHI |
| Name of publisher, distributor, etc | A.I.T.B.S |
| Year of Publication | 2011 |
| 300 ## - PAGE DESCRIPTION | |
| No. of Pages | 385 |
| 942 ## - ADDED ENTRY ELEMENTS (KOHA) | |
| Source of classification or shelving scheme | Dewey Decimal Classification |
| Koha item type | Books |
| Withdrawn status | Lost status | Source of classification or shelving scheme | Damaged status | Not for loan | Home library | Current library | Date acquired | Vendor Name | Cost, normal purchase price | SGTU | Bill Number | Total Checkouts | Full call number | Accession No. (Barcode) | Date last seen | Bill Date | Koha item type |
|---|---|---|---|---|---|---|---|---|---|---|---|---|---|---|---|---|---|
| Dewey Decimal Classification | SGT Dental Library | SGT Dental Library | 21/07/2016 | ABC | 295.00 | SGTU | GIFTED | 617.6 , D11C | FD7321 | 21/07/2016 | Books |